En ruta. Arqueología, historia y etnografía del tráfico sur andino

Saved in:
Bibliografiske detaljer
Hovedforfatter: Núñez Atencio, Lautaro (autor)
Andre forfattere: Nielsen, Axel E. (Editor)
Format: Bog
Sprog:spansk
Udgivet: Córdoba, Argentina. Encuentro, 2011
Udgivelse:1a. ed
Fag:
Tags: Tilføj Tag
Ingen Tags, Vær først til at tagge denne postø!

MARC

LEADER 00000cam a2200000 a 4500
001 UCD3564
003 CL-VaPUC
005 20240611105643.0
008 160609e20110000sp |||||||||||||||||spa|d
999 |c 364600  |d 364598 
020 |a 9789871432745 
040 |c Pontificia Universidad Católica de Valparaíso 
082 0 4 |a 930.1 NUÑ 2011  |2 21 
100 |a Núñez Atencio, Lautaro  |e autor  |9 441291 
245 1 0 |a En ruta.  |b  Arqueología, historia y etnografía del tráfico sur andino 
250 |a 1a. ed 
260 |a Córdoba, Argentina.   |b Encuentro,  |c 2011 
300 |a 405 páginas  
583 |a last modification  |c 20160609 22:21:00  |k Rodrigo Vera 
650 0 |a Arqueología   |9 265619 
650 0 |a Etnografía   |9 309735 
650 0 |a Pueblos indígenas   |z América del Sur   |9 357564 
700 |a Nielsen, Axel E.  |e editor  |9 587079 
852 |a BIBCUR 
942 |c BK  |2 ddc 
945 |d 20160609 22:21:00  |a arojas 
952 |0 0  |1 0  |3 erb  |4 0  |6 930_100000000000000_NUÑ_2011  |7 0  |8 A  |9 478144  |a BIBING  |b BIBING  |i 5291070  |o 930.1 NUÑ 2011  |p 5291070  |r 2025-01-20  |w 2019-11-24  |y BK  |z Catalogado en:20160609  |k GEO 
952 |0 0  |1 0  |2 ddc  |4 0  |6 930_100000000000000_NUÑ_2011  |7 0  |8 A  |9 577033  |a BIBHIS  |b BIBHIS  |d 2020-11-30  |e 14  |g 41000.00  |i 5578701  |o 930.1 NUÑ 2011  |p 5578701  |r 2023-01-25  |t 2  |v 41000.00  |w 2020-11-30  |y BK  |k HIS